000 00355 a2200169 4500
001 69973
020 _a85089856
040 _cAnchieta - Itaigara
100 _aHugo, Victor
240 1 0 _aOs miseráveis
_lpor
245 1 0 _aOs miseráveis
300 _a54
362 0 _a2004
440 1 _aÁtica
650 4 _aLiteratura infanto-juvenil
942 _cBK
999 _c69973
_d69973